000 00534nab a2200145Ia 4500
003 ES-SlBCS
005 20210601130816.0
008 140529s1981 xxu||||| |||| 00| 0 fre d
041 _afre
100 1 _aPoulain, Jacques
_919761
245 0 0 _aPragmatique de la communication et dynamique de la vérité. La fidelité théorique de D. Evans à la revelation chrétienne
_c Jacques Poulain
600 1 4 _aEvans, D.
_967238
773 0 _tRecherches de Science Religieuse
_gvol. 69, nº. 1-2-3-4, 1981, págs. 545-572
_wRev340
942 _cAR
999 _c552733
_d552733